书目信息 |
| 题名: |
篆隶通鉴
|
|
| 作者: | 司惠国 , 张爱军 , 王玉孝 主编 | |
| 分册: | ||
| 出版信息: | 北京 蓝天出版社 2012.08 |
|
| 页数: | 296页 | |
| 开本: | 29cm | |
| 丛书名: | 中国书法艺术通鉴系列丛书 | |
| 单 册: | ||
| 中图分类: | J292.113.1 , J292.113.2 | |
| 科图分类: | ||
| 主题词: | 篆书--书法--中国 , 隶书--书法--中国 , 篆书 , 书法 , 隶书 | |
| 电子资源: | ||
| ISBN: | 978-7-5094-0779-0 | |
| 000 | 01063oam2 2200337 450 | |
| 001 | 010050017308 | |
| 005 | 20140609111136.57 | |
| 010 | @a978-7-5094-0779-0@dCNY40.00 | |
| 100 | @a20121110d2012 em y0chiy50 ea | |
| 101 | 0 | @achi |
| 102 | @aCN@b110000 | |
| 105 | @aa z 000yy | |
| 106 | @ar | |
| 200 | 1 | @a篆隶通鉴@9zhuan li tong jian@f司惠国,张爱军,王玉孝主编 |
| 210 | @a北京@c蓝天出版社@d2012.08 | |
| 215 | @a296页@c图@d29cm | |
| 225 | 2 | @a中国书法艺术通鉴系列丛书 |
| 330 | @a本书收录了甲骨文;祭祀狩猎涂朱牛骨刻辞;武丁时期甲骨文;武乙文丁时期甲骨文;司母戊方鼎铭文等内容。 | |
| 461 | 0 | @12001 @a中国书法艺术通鉴系列丛书@1701 0@a司惠国@4主编 |
| 606 | 0 | @a篆书@x书法@y中国 |
| 606 | 0 | @a隶书@x书法@y中国 |
| 606 | 0 | @a篆书 |
| 606 | 0 | @a书法 |
| 606 | 0 | @a隶书 |
| 690 | @aJ292.113.1@v5 | |
| 690 | @aJ292.113.2@v5 | |
| 701 | 0 | @a司惠国@9si hui guo@f(1959-)@4主编 |
| 701 | 0 | @a张爱军@9zhang ai jun@f(1958-)@4主编 |
| 701 | 0 | @a王玉孝@9wang yu xiao@4主编 |
| 801 | 0 | @aCN@bRENTIAN@c20121110 |
| 905 | @b548211-13@dJ292.113.1@e524@f3 | |
| 篆隶通鉴/司惠国,张爱军,王玉孝主编.-北京:蓝天出版社,2012.08 |
| 296页:图;29cm.-(中国书法艺术通鉴系列丛书) |
| ISBN 978-7-5094-0779-0:CNY40.00 |
| 本书收录了甲骨文;祭祀狩猎涂朱牛骨刻辞;武丁时期甲骨文;武乙文丁时期甲骨文;司母戊方鼎铭文等内容。 |
| ● |
| 相关链接 |
|
|
|
|
正题名:篆隶通鉴
索取号:J292.113.1/524
 
预约/预借
| 序号 | 登录号 | 条形码 | 馆藏地/架位号 | 状态 | 备注 |
| 1 | 548211 | 205482119 | 第一样本阅览室/ [索取号:J292.113.1/524] | 在馆 | |
| 2 | 548212 | 205482128 | 第一借阅区/ [索取号:J292.113.1/524] | 在馆 | |
| 3 | 548213 | 205482137 | 第一借阅区/ [索取号:J292.113.1/524] | 在馆 |